Hodnotový reťazec módneho dizajnu v Bratislavskom regióne

Analýza hodnotového reťazca slovenských módnych dizajnérov v Bratislavskom regióne a identifikácia hlavných aktérov tohto hodnototvorného reťazca.

Enregistré dans:
Détails bibliographiques
Auteur principal: Pástor, Rudolf
Format: Chapitre de livre
Langue:slovaque
Sujets:
Tags: Ajouter un tag
Pas de tags, Soyez le premier à ajouter un tag!

MARC

LEADER 00000nla a2200000 4500
001 0207822
005 20240502073445.3
041 0 |a slo 
044 |a SK 
245 1 0 |a Hodnotový reťazec módneho dizajnu v Bratislavskom regióne  |c Rudolf Pástor 
520 |a Analýza hodnotového reťazca slovenských módnych dizajnérov v Bratislavskom regióne a identifikácia hlavných aktérov tohto hodnototvorného reťazca. 
610 2 0 |a priemysel odevný 
610 2 0 |a priemysel kreatívny 
610 2 0 |a dizajn 
610 2 0 |a hodnota 
610 2 0 |a reťazce obchodné 
610 2 0 |a distribúcia 
610 2 0 |a marketing nákupný 
100 1 |a Pástor, Rudolf